000 00657nam a2200229Ia 4500
003 OSt
005 20220923221002.0
006 a|||||r|||| 00| 0
007 ta
008 220922b |||||||| |||| 00| 0 hin d
024 _a193,325
037 _cTextual
040 _aARTS
_cARTS
_bhin
041 _2hin
_ahin
082 _aV2:25wM8, 152H8;1
100 _aरामनाथ सुमन
245 0 _aहमारे नेता और निर्माता
246 _aHamāre netā aur nirmātā
260 _c1948
942 _hV2:25wM8, 152H8;1
_cTEXL
_2CC
999 _c345793
_d345793